00351nam a2200121Ia 45000010005000000080041000050820024000461000054000702450039001242600024001639010027001879990015002144321241024s9999 xx 000 0 und d aRD/375/R426d/2014/1 aRepública Dominicana. Ministerio de Educación 0aDiseño Curricular. Nivel Inicial bSanto Domingoc2014 a31/8/2016 9:09:37 a.m. c8412d8412